Ultimate Harry Potter Name Quiz - Statistics

General Stats
  • This quiz has been taken 686 times
  • The average score is 111 of 142
Answer Stats
Hint Answer % Correct
Weasley Ron
99%
Weasley Arthur
98%
Weasley Bill
98%
Weasley Fred
98%
Weasley George
98%
Weasley Ginny
98%
Potter Harry
98%
Evans | Potter Lily
98%
Weasley Molly
98%
Weasley Percy
98%
Dumbledore Albus
97%
Weasley Charlie
97%
Potter James
97%
Dursley Dudley
96%
Granger Hermione
96%
Malfoy Draco
95%
Malfoy Lucius
95%
Longbottom Neville
95%
Dursley Petunia
95%
Snape Severus
95%
Black Sirius
95%
McGonagall Minerva
94%
Malfoy Narcissa
94%
Pettigrew Peter
94%
Lupin Remus
94%
Hagrid Rubeus
94%
Dursley Vernon
94%
Potter Albus Severus
93%
Diggory Cedric
93%
Lovegood Luna
93%
Lestrange Bellatrix
92%
Thomas Dean
92%
Lupin (Tonks) Nymphadora
92%
Finnigan Seamus
92%
Riddle Tom
92%
Chang Cho
91%
Umbridge Dolores
91%
Delacour Fleur
91%
Hufflepuff Helga
91%
Krum Viktor
91%
Gryffindor Godric
90%
Potter James Sirius
90%
Jordan Lee
90%
Potter Lily Luna
90%
Slytherin Salazar
90%
Crabbe Vincent
90%
Dumbledore Ariana
89%
Dursley (Aunt) Marge
89%
Wood Oliver
89%
Longbottom Alice
88%
Longbottom Frank
88%
Lockhart Gilderoy
88%
Skeeter Rita
88%
Ravenclaw Rowena
88%
Lupin Teddy
88%
Creevey Colin
87%
Bell Katie
87%
Dumbledore Aberforth
86%
Moody Alastor
86%
Flitwick Filius
86%
Goyle Gregory
86%
Abbott Hannah
86%
Brown Lavender
86%
Parkinson Pansy
86%
Patil Padma
85%
Patil Parvati
85%
Black Regulus
85%
Lovegood Xenophilius
85%
Fudge Cornelius
84%
Ravenclaw Helena
84%
Slughorn Horace
84%
Bones Susan
84%
Bagshot Bathilda
83%
Karkaroff Igor
83%
Trelawney Sybill
83%
Diggory Amos
82%
Johnson Angelina
82%
Zabini Blaise
82%
Filch Argus
80%
Delacour Gabrielle
80%
Clearwater Penelope
80%
Shaklebolt Kingsley
79%
Pomfrey Poppy
79%
Scamander Newton
78%
Finch-Fletchley Justin
77%
Gaunt Marvolo
77%
Belby | Flint Marcus
76%
Sprout Pomona
75%
Spinnet Alicia
74%
Crouch Bartemius
74%
Creevey Dennis
74%
Macmillan Ernie
74%
Maxime Olympe
74%
Longbottom Augusta
73%
Friar Fat
73%
Bagman Ludo
73%
Baron Bloody
72%
Scrimgeour Rufus
72%
Tonks Andromeda
71%
Burbage Charity
71%
Vane Romilda
71%
Bulstrode Millicent
70%
Quirrell Quirinus
70%
Fletcher Mundungus
69%
Malfoy Scorpius
69%
Carrow Alecto
68%
Figg Arabella
68%
Dumbledore Kendra
68%
de Mimsy-Porpington Nicholas
68%
Carrow Amycus
67%
Gaunt Merope
67%
Corner Michael
66%
Smith Zacharias
66%
Bones Amelia
65%
Ollivander Garrick
65%
Boot Terry
63%
Diggle Dedalus
60%
Edgecombe Marietta
60%
Hooch Rolanda
60%
Gaunt Morfin
59%
Doge Elphias
58%
Jorkins Bertha
57%
Binns Cuthbert
54%
Lestrange Rodolphus
54%
Goldstein Anthony
52%
Weasley (Great Aunt) Muriel
52%
Black Phineas Nigellus
52%
Prewett Fabian
51%
Prewett Gideon
50%
Davies Roger
50%
Grubbly-Plank Wilhelmina
50%
Sinistra Aurora
49%
Polkiss Piers
47%
Vance Emmeline
41%
Vector Septima
36%
Robins Demelza
35%
Jones Hestia
34%
Kettleburn Silvanus
27%
Babbling Bathsheda
25%
Bones Edgar
18%
No matching quizzes found
Score Distribution
Percent of People with Each Score
Percentile by Number Answered
Your Score History
You have not taken this quiz